00951cam a22002777a 4500003000500000005001700005008004100022010001000063011001000073035001000083040000900093100002500102245014900127260008400276300003500360410004000395490002300435650002400458650002100482650003200503650002100535650002500556700002900581810004000610830002300650CHAP20220329142111.0990624s1997 mx a r 00010 eng d a78430 a79402 a89630 cCHAP00aErenstein, Olaf C.A.14aThe adoption of conservation tillage in a hillside maize production system in Motozintla, Chiapasc/by Olaf Erenstein and Pedro Cadena Iñiguez aMéxico, D.F. :bCentro Internacional de Mejoramiento de Maíz y Trigo,c1997 a51 p. :bilus., gráfs., mapa21aCIMMYT. Grupo de recursos naturales 0aDocumentov; 97-0114aCultivos asociados.14aFrijolzChiapas.14aLabranza de conservación.14aMaízzChiapas.14aSistemas de cultivo.0 aCadena Iñiguez, Pedro.00aCIMMYT. Grupo de recursos naturales0 aDocumentov; 97-01